الطيب و المشاكس / (رقم التسجيلة. 41905)

تفاصيل مارك
000 -LEADER
fixed length control field 00622nam a22001937a 4500
005 - DATE AND TIME OF LATEST TRANSACTION
control field 20251108170508.0
008 - FIXED-LENGTH DATA ELEMENTS--GENERAL INFORMATION
fixed length control field 250721s9999 xx 000 0 ara d
082 14 - DEWEY DECIMAL CLASSIFICATION NUMBER
Classification number ط/ق / مغر
100 1# - MAIN ENTRY--PERSONAL NAME
Personal name المغربي، امل
245 10 - TITLE STATEMENT
Title الطيب و المشاكس /
264 1# - PRODUCTION, PUBLICATION, DISTRIBUTION, MANUFACTURE, AND COPYRIGHT NOTICE
Place of production, publication, distribution, manufacture بيروت :
Name of producer, publisher, distributor, manufacturer دار الفكر العربي،
Date of production, publication, distribution, manufacture, or copyright notice [19-].
300 ## - PHYSICAL DESCRIPTION
Extent [14] ص . : مص
490 0# - SERIES STATEMENT
Series statement سلسلة عصافير الجنة ؛
Volume/sequential designation 3
650 17 - SUBJECT ADDED ENTRY--TOPICAL TERM
Topical term or geographic name as entry element القصص العربية
653 ## - INDEX TERM--UNCONTROLLED
Uncontrolled term أطفال ما قبل المدرسة ( 0-5 سنوات )
700 1# - ADDED ENTRY--PERSONAL NAME
Personal name قطب، محمد
Relator term رسام
942 ## - ADDED ENTRY ELEMENTS (KOHA)
Source of classification or shelving scheme Dewey Decimal Classification
Koha item type كتب
المقتنيات
حالة السحب حالة الفقدان مصدر التصنيف حالة التلف غير قابل للإعارة المكتبة الرئيسية المكتبة الحالية موقع الرف تاريخ التزويد الرقم المتسلسل Total Checkouts رقم الإستدعاء تاريخ آخر ظهور تاريخ الفاتورة نوع المادة (كوها) الباركود
    Dewey Decimal Classification     مكتبة البشائر للأطفال مكتبة البشائر للأطفال الأطفال 24/05/2015 356744   ط/ق / مغر 28/07/2025 24/05/2015 كتب PLD00325967
    Dewey Decimal Classification     مكتبة أم المؤمنين للأطفال مكتبة أم المؤمنين للأطفال الأطفال 28/07/2025 418725   ط/ق / مغر 28/07/2025 28/07/2025 كتب 418725
    Dewey Decimal Classification Unchecked   مكتبة أم قصير والمقابلين العامة مكتبة أم قصير والمقابلين العامة الأطفال 06/07/2004 356756   ط/ق / مغر 28/07/2025 06/07/2004 كتب  
    Dewey Decimal Classification Unchecked   مكتبة البراءة للأطفال مكتبة البراءة للأطفال الأطفال 28/07/2025 324270   ط/ق / مغر 28/07/2025 28/07/2025 كتب  
    Dewey Decimal Classification     مكتبة البراعم الواعدة مكتبة البراعم الواعدة الأطفال 10/08/2015 1604196   ط/ق / مغر 28/07/2025 10/08/2015 كتب PLD00341147
    Dewey Decimal Classification Unchecked   مكتبة النصر العامة مكتبة النصر العامة الأطفال 06/07/2004 356753   ط/ق / مغر 28/07/2025 06/07/2004 كتب  
    Dewey Decimal Classification Unchecked   مكتبة حمزة العامة مكتبة حمزة العامة الأطفال 06/07/2004 356750   ط/ق / مغر 28/07/2025 06/07/2004 كتب  
    Dewey Decimal Classification     مكتبة حمزة العامة مكتبة حمزة العامة الأطفال 09/03/2018 1668485   ط/ق / مغر 28/07/2025 09/03/2018 كتب PLD00419621
    Dewey Decimal Classification Unchecked   مكتبة صويلح العامة مكتبة صويلح العامة الأطفال 06/07/2004 356754   ط/ق / مغر 28/07/2025 06/07/2004 كتب  
    Dewey Decimal Classification     مكتبة وادي السير العامة مكتبة وادي السير العامة الأطفال 06/07/2004 356746   ط/ق / مغر 28/07/2025 06/07/2004 كتب 356746
Implemented & Customized by: BBB with SCIT (Smart Chains for Information Technology)

Powered by Koha